000 00506nam a2200181Ia 4500
005 20250326130226.0
008 250326s9999 xx 000 0 und d
037 _aTextbook
040 _aFMSL
_beng
_cFMSL
041 _aeng
_2eng
084 _aX:5.1 L1
_qFMSL
100 _aKatrak H
_9267485
245 0 _aInternational trade & the balance of payment
_cKatrak H
260 _aLondon
_bLondon, Fontana/Collins
_c1971
300 _a172p
942 _cTB
_hX:5.1 L1
999 _c1281540
_d1281540